000 00298nam a2200133Ia 4500
005 20251222140042.0
008 251222s1900||||xx |||||||||||||| ||spa||
082 _a170/M26
100 _aHerbert Marcuse
245 0 _aÉtica de la Revolución
250 _a2a.ed.
264 _bTaurus
942 _cLIB
999 _c3304
_d3304